000
00235 a2200097 4500
001
58505
100
_a
245
_a
Magnificient power potential of Pakistan
260
_a
Lahore
_b
Al-Faisal Publishing Co
_c
2002
090
_c
35882
_d
35882
942
_a
NUST-CAE
_c
_c
28760
999
_c
293578
_d
293578